000 00368nam a2200133Ia 4500
008 151001s9999||||xx |||||||||||||| ||und||
100 _aम वि कोल्हटकर
245 _aएक चिमुट दोन वाती
250 _a1
260 _b"नवल प्रकाशन,पुणे"
260 _c2013
300 _a168
365 _b18
999 _c1001606
_d1001603